000 00862nam a2200265Ia 4500
003 OSt
005 20220918170703.0
006 a|||||r|||| 00| 0
007 ta
008 220917b |||||||| |||| 00| 0 eng d
020 _a9780415559874 (hbk)
_c8693.10
024 _a290,034
037 _b1179, 28/03/2016, Bright Book Service
_cTextual
040 _aARTS
_cARTS
_beng
041 _2eng
_aeng
082 _aR325,(Q), Q5
100 _aWright Andrew
245 0 _aReligious education and critical realism
_b Knowledge, reality and religious literacy
260 _aLondon
_bRoutledge UK
_c2016
300 _aviii, 266p.
_ccm.
490 _aNew studies in critical realism and spirituality
650 _aPHILOSOPHY
942 _hR325,(Q), Q5
_cTEXL
_2CC
999 _c135125
_d135125